UK TV Sitcoms 4 - Statistics

General Stats
  • This quiz has been taken 81 times
  • The average score is 5 of 15
Answer Stats
Question Answer % Correct
In ITVs Only When I Laugh, Chris Strauli and Peter Bowles were two of the patients, who played the third? James Bolam
73%
Paula Wilcox and Richard Beckinsale starred in what ITV sitcom, as Beryl and Geoffrey? The Lovers
53%
Granada TV, made 7 series of which sitcom, starring Emma Wray, as Brenda? Watching
52%
In BBCs Hi-de-hi, what was the name of Peggy's (unseen) boss? Miss Cathcart
47%
What was the full name of Head Floorwalker in BBCs Are You Being Served? ? Captain Stephen Peacock
43%
In BBCs Terry and June, what was the surname, of the titled characters? Medford
40%
In ITVs Bless This House, what were the names of Sid and Jeans kids? Mike and Sally
32%
What was the name of the sitcom, the only one Bruce Forsyth starred in? Slingers Day
30%
Reginald Marsh, regular, in Terry and June, playing who? (clue- the answer is three letters long) Sir
25%
'On the Buses' again, what was Inspector Blakes first name? Cyril
23%
Invariably, what was the terminus of Stan's bus in ITVs On the Buses? Cemetery Gates
18%
What was the surname of Ivy and Billy in ITVs In Loving Memory? Unsworth
12%
In which LWT sitcom did Arthur Lowe play Father Duddleswell? Bless Me, Father
10%
Which iconic composer, composed many sitcom theme tunes, including AYBS and Yes, Minister? Ronnie Hazelhurst
5%
Prison Officer Sheila Holomby (ITV Bad Girls) was in Rising Damp, but as whom? Postwoman
2%
No matching quizzes found
Score Distribution
Percent of People with Each Score
Percentile by Number Answered
Your Score History
You have not taken this quiz